On liberty

Wedi'i Gadw mewn:
Manylion Llyfryddiaeth
Prif Awdur: Mill, John Stuart
Fformat: Llyfr
Iaith:Undetermined
Cyhoeddwyd: Indianapolis Hackett Pub. Co. 1978
Pynciau:
Tagiau: Ychwanegu Tag
Dim Tagiau, Byddwch y cyntaf i dagio'r cofnod hwn!
Thư viện lưu trữ: Trung tâm Học liệu Trường Đại học Cần Thơ
LEADER 00460nam a2200181Ia 4500
001 CTU_156237
008 210402s9999 xx 000 0 und d
082 |a 323.44 
082 |b M645 
100 |a Mill, John Stuart 
245 0 |a On liberty 
245 0 |c John Stuart Mill 
260 |a Indianapolis 
260 |b Hackett Pub. Co. 
260 |c 1978 
650 |a Liberty 
904 |i Giang sửa 
980 |a Trung tâm Học liệu Trường Đại học Cần Thơ